Situacion Economica Precios Recibido por el Productor Agropecuario. Comperdio 1984

Gespeichert in:
Bibliographische Detailangaben
Format: Buch
Sprache:Spanisch
Veröffentlicht: Panamá Direccion de Estadística y Censo 1985
Ausgabe:1. ed.
Schriftenreihe:Estadistica Panameňa
Tags: Tag hinzufügen
Keine Tags, Fügen Sie das erste Tag hinzu!

MARC

LEADER 00000nam a2200000 4500
001 c034821
005 20221220080310.8
041 0 |a spa 
044 |a PA 
245 1 0 |a Situacion Economica  |b Precios Recibido por el Productor Agropecuario. Comperdio 1984 
250 |a 1. ed. 
264 1 |a Panamá  |b Direccion de Estadística y Censo  |c 1985 
300 |a 28 s. 
490 1 |a Estadistica Panameňa 
830 0 |a Estadistica Panameňa